000 00505nam a2200181Ia 4500
005 20250923144238.0
008 008 250917s9999 xx 000 0 eng d
037 _aTextual
040 _aDSWL
_beng
_cDSWL
041 _aeng
_2eng
084 _aV56:1:K1, H3
_qDSWL
100 _aHowe, H.F
_9822785
245 0 _aPrologue to new England
_cby H.F Howe
260 _aNew York
_b Farrar
_c1943
300 _a324 p.
942 _cTEXL
_hV56:1:K1, H3
999 _c1436527
_d1436527